00872 a2200193 45000010006000000050017000060080041000230030015000640400040000790800068001192450024001870200022002112640032002333000019002655050248002841000023005327000024005558560099005794773420260407155743.0260407a2009 arg spa dAR-UNSa-BCEJYS aAR-UNSa-BCEJYSbspacAR-UNSa-BCEJYS a336.741.2xNaturaleza de la moneda. Teoría general del dinero10aHistoria del dinero a978-84-493-2294-5 1aBarcelona :bPaidósc2009 a272 p.c26 cm. a1. Mesopotamia, Egipto y Grecia - 2. El mundo romano - 3. La Europa medieval - 4. Los territorios islámicos - 5. India y el sudeste asiático - 6. China y Oriente - 7. La Edad Moderna - 8. África y Oceanía - 9. La Edad Contemporánea.1 aWilliams, Jonathan1 aEagleton, Catherine41uhttps://www.biblioeco.unsa.edu.ar/pmb/images/libros/L127651.jpgyImagen de portadaqimage/jpeg